000 00300nam a22001337a 4500
008 171004b xxu||||| |||| 00| 0 eng d
020 _a9780026477307
041 _aeng
080 _27TH
_a159.9
100 _a48
101 _aPSI
245 _aTHEDEVELOPING CHILD
_cBRISBANE.,H.E
942 _2udc
_cBK
999 _c31695
_d31695